000 00437nam a2200169Ia 4500
008 230718s9999 xx 000 0 und d
020 _a9789351160953
041 _aeng
082 _a741.5
_bNAV
100 _aNavare S.
_9195183
245 _aThe Politickle Pickle
260 _c2013
_bCollins
300 _a194
365 _cRs.
_b299.00
700 _aNavare S.
_9195183
906 _dO:0355519-Nov-2013B:441825-Oct-2013
_cGENRL
_b65.78
999 _c334032
_d334032